000 00803nam a22002537a 4500
001 81582
003 UA-OsUOA
005 20211028114241.0
007 ta
008 20120203b un ||||| |||| 00| 0 ukr d
040 _aUA-OsUOA
_brus
_cUA-OsUOA
_dUA-OsUOA
041 _arus
080 _a821.161.1
090 _a821.161.1
_bТ87
100 _aТургенев И. С.
245 _aПолное собрание сочинений и писем в тридцати томах : сочинения
_bсочинения в двенадцати томах
260 _aМ.
_bНаука
_c1978
300 _a575 с.
505 _gТ. 1
650 7 _a821 Художня література
_2UDC
942 _cBK
_2udc
955 _a3
999 _c367897
_d367897